000 00623nam a2200229 a 4500
999 _c5247
_d5247
001 5247
003 BD-JhCC
005 20171211170442.0
008 171211s1976 bg |||| ||a| 000 0 eng d
035 _a(BD-JhCC)5247
040 _aBD-JhCC
_dBD-JhCC
041 _aeng
082 _a796.830924
_bALI 1976
100 _aAli, Muhhamad & Durham, Richard
245 _aThe Greatest my own story /
_cMuhhamad Ali & Richard Durham
260 _aNew Delhi :
_bViksa Publishing House Pvt Ltd
_c1976.
300 _a508 p. :
_c16 cm.
650 _aBoxers (sport)
650 _aAli Muhammad
942 _2ddc
_cBK